000 00569nam a2200181Ia 4500
001 23809
005 20260414151002.0
008 260414t2021||||xx |||||||||||||| ||spa||
041 _aESP
082 _a711.4
_bR92
100 _aRueda Palenzuela, Salvador,
_eAUT
245 0 _aCarta para la planificación ecosistémica de las ciudades y metrópolis :
_barta para el diseño de nuevos desarrollos urbanos y la regeneración de los existentes
260 _c2021
300 _a133 páginas :
_c30 cm.
650 _aABD
654 _aCAU
942 _cLIB
_dJUS
_fJUS
_2ddc
_n
999 _c23809
_d23809